header

From linguistics to literature (Record no. 240442)

MARC details
000 -LEADER
fixed length control field 01509nam a2200385 a 4500
082 04 - DEWEY DECIMAL CLASSIFICATION NUMBER
Classification number 440
245 00 - TITLE STATEMENT
Title From linguistics to literature
260 ## - PUBLICATION, DISTRIBUTION, ETC. (IMPRINT)
Place of publication Amsterdam :
Name of publisher J. Benjamins B.V.,
Year of publication c1981.
300 ## - PHYSICAL DESCRIPTION
Number of Pages 292 p., [6] leaves of plates :
Other physical details ill.
650 #0 - SUBJECT ADDED ENTRY--TOPICAL TERM
Topical Term Portuguese philology.
Topical Term Romance philology.
700 1# - ADDED ENTRY--PERSONAL NAME
Personal name Rogers, Francis Millet.
Personal name Bichakjian, Bernard H.
856 40 - ELECTRONIC LOCATION AND ACCESS
Uniform Resource Identifier http://site.ebrary.com/lib/rucke/Doc?id=10526880

No items available.

© 2026 Rongo University
Contact us: librarian | system librarian | Rongo university